Countries with J in Their Name - Statistics

General Stats
  • This quiz has been taken 1,247 times
  • The average score is 6 of 7
Answer Stats
Continent Country % Correct
North America Jamaica
99%
Asia Japan
98%
Asia Jordan
95%
Oceania Fiji
91%
Africa Djibouti
88%
Asia Azerbaijan
87%
Asia Tajikistan
86%
No matching quizzes found
Score Distribution
Percent of People with Each Score
Percentile by Number Answered
Your Score History
You have not taken this quiz